Responses for Show #8496 - Monday, October 25, 2021

Jonathan Fisher game 11.

Contestants

[<< previous game]

Hilary Bouxsein, a visiting assistant professor from Northfield, Minnesota

Stephen Son, a business operations professional from Los Angeles, California

Jonathan Fisher, an actor originally from Coral Gables, Florida (whose 10-day cash winnings total $230,100)

[next game >>]

Jeopardy! Round responses

THE LANDLOCKED NATION
HAVING A BALL
DOUBLE INITIAL GUYS
CARNIVAL TALK
"D" NATURE OF THINGS
FAMOUS LAST WORDS
    $200 6
Afghanistan

Jonathan
    $200 27
cotton balls

Jonathan
    $200 1
LL Cool J

Stephen
    $200 28
mark

Jonathan
    $200 9
a dolphin

Jonathan
    $200 20
omega

Jonathan
    $400 5
Liechtenstein & Luxembourg

Stephen
    $400 26
LaMelo

Triple Stumper
    $400 7
Abrams

Jonathan
    $400 29
cotton candy

Stephen
    $400 12
daughters

Hilary
    $400 21
Ultimate

Jonathan
    $600 2
(Jonathan: What is Ukraine?)

Belarus

JonathanStephen
    $600 25
a Magic 8-Ball

Hilary
    $600 8
Milne

Hilary
    $600 30
bally

Stephen
    $600 13
dogwood

Jonathan
    $600 16
a swan song

Hilary
    $1,000 3
(Stephen: What is... Austria?)
(Mayim: No, what is [*], which broke away from Austria.)

Hungary

Stephen
    $800 24
a widget

Triple Stumper
    $800 10
King

Jonathan
    $800 19
a shooting gallery

Triple Stumper
    $800 14
deuterium

Triple Stumper
    $800 17
coda

Jonathan
    $1000 4
Chad

Stephen
    $1000 23
a cotillion

Jonathan
    $1000 11
Sabathia

Stephen
    $1000 18
gambling

Triple Stumper
    $1000 15
a dahlia

Stephen
    $1000 22
finis

Jonathan

Scores at the first commercial break (after clue 15):

Jonathan Stephen Hilary
$1,600 $3,200 $1,000

Scores at the end of the Jeopardy! Round:

Jonathan Stephen Hilary
$5,400 $4,200 $2,200

Double Jeopardy! Round responses

MEN OF LA MANCHA
WRITTEN IN THE DUST
TELEVISION HISTORY
FLAGGING INTEREST
WHAT HAPPENED WHEN
CHANGE-ONE-LETTER PAIRS
(Mayim: For example: "Aces trolley". What is "card cart"?)
    $400 23
Cervantes

Jonathan
    $400 25
Adam

Jonathan
    $400 6
canned laughter

Jonathan
    $400 27
a sword

Stephen
    $400 30
the Pony Express

Stephen
    $400 18
pants parts

Hilary
    $800 13
the papacy

Stephen
    $2,000 24
(Jonathan: What is... uh, Gone with the Wind?)
(Mayim: [*], talking about the Dust Bowl.)
(Jonathan: Oh.)
[NOTE: Mayim did not include the leading article when naming the correct work.]

The Grapes of Wrath

Jonathan
    $800 5
HBO (Home Box Office)

Jonathan
    $800 26
the equator

Jonathan
    $800 29
(Stephen: What is... Sudan?)

Algeria

StephenHilary
    $800 19
a worse horse

Hilary
    $1200 10
El Greco

Jonathan
    $1200 7
Faulkner

Jonathan
    $1200 4
the Rose Parade

Jonathan
    $1200 16
oak

Jonathan
    $1200 1
Plato

Jonathan
    $1200 20
Shire shore

Jonathan
    $1600 11
Inquisitor

Hilary
    $1600 8
Gunga Din

Triple Stumper
    $1600 3
Ed Sullivan

Jonathan
    $1600 15
Nepal

Jonathan
    $4,200 17
(Jonathan: What is... Jupiter?)

Uranus

Jonathan
    $1600 21
a stark stack

Jonathan
    $2000 12
(Stephen: What is Belgium?)

the Netherlands

StephenHilary
    $2000 9
Evelyn Waugh

Triple Stumper
    $2000 2
a V-chip

Jonathan
    $2000 14
sagebrush

Triple Stumper
    $2000 28
Denmark & Norway

Stephen
    $2000 22
flack flask

Triple Stumper

Scores at the end of the Double Jeopardy! Round:

Jonathan Stephen Hilary
$16,000 $5,000 $7,800
(lock game)

[wagering suggestions for these scores]

Final Jeopardy! Round responses

NOTABLE WOMEN
(Mayim: [To Stephen] Louis Leakey dubbed [*], Dian Fossey and BirutÄ— Galdikas the "Trimates" for their pioneering work with primates.)
StephenWho is Goodall?
$2,801
HilaryWho is Jane Goodall
$2,201
JonathanWho is Jane Goodall?
$0
(Jane) Goodall

Final scores:

Jonathan Stephen Hilary
$16,000 $7,801 $10,001
11-day champion: $246,100 3rd place: $1,000 2nd place: $2,000

Game dynamics:

Coryat scores:

Jonathan Stephen Hilary
$22,200 $6,000 $7,800
27 R,
3 W
(including 2 DDs)
12 R,
3 W
(including 1 DD)
9 R,
0 W

Combined Coryat: $36,000

[game clues] [game scores] [suggest correction]

Game tape date: 2021-09-23
The J! Archive is created by fans, for fans. Scraping, republication, monetization, and malicious use prohibited; this site may use cookies and collect identifying information. See terms. The Jeopardy! game show and all elements thereof, including but not limited to copyright and trademark thereto, are the property of Jeopardy Productions, Inc. and are protected under law. This website is not affiliated with, sponsored by, or operated by Jeopardy Productions, Inc. Join the discussion at JBoard.tv.